Estofado y Guiso - ¡Muerte Súbita! - Estadísticas

Estadísticas generales
  • Esta prueba ha sido intentada 16 veces
  • La puntuación promedio es 5 de 16
Answers on the Grid
Answers color-coded by a green-red scale on the quiz's grid according to % correct below.
Marmita de bonito
Fabada
Locro
Cassoulet
Bœuf bourguignon
Ragoût de boulettes
Feijoada à brasileira
Chili con carne
Fahsa
Japchae
Okonomiyaki
Khuushuur
Falafel
Po' boy
Suya / Tsire
Bánh mì
Döner
Fattush
Kare-kare
Kimchi-jjigae
Domoda
Pescado de molly / Pescado de molee
Bigos
Waterblommetjie bredie
Tayín zitoune de Argelia
Tayín malsouka de Túnez
Timballo
Quesadilla
 
Estadísticas de respuestas
Respuesta % Correcto
Fabada
80%
Chili con carne
73%
Feijoada à brasileira
60%
Bœuf bourguignon
47%
Cassoulet
47%
Tayín zitoune de Argelia
47%
Marmita de bonito
40%
Ragoût de boulettes
33%
Locro
27%
Bigos
13%
Pescado de molly / Pescado de molee
13%
Fahsa
7%
Kare-kare
7%
Domoda
0%
Kimchi-jjigae
0%
Waterblommetjie bredie
0%
No se encontraron pruebas coincidentes
Distribución de puntuación
Porcentaje de gente con cada puntuación
Porcentaje por número respondido
Historial de tus puntuaciones
No has intentado esta prueba.